Glik : příběh o štěstí /

Main Author: Marboe, Marcella, 1946-
Language: Czech
Published: Praha : Erika, 2002
Edition: Vyd. 1.
Series: Dívky v sedle
Online Access: Digitalizovaný dokument
Physical Description: 109 s. ; 21 cm
Book
Saved in:
LEADER 01204nam a2200349 a 4500
001 000631801
003 CZ BrMZK
005 20080512123456.0
007 ta
008 021021s2002 xr c f cze d
015 |a cnb001193604 
020 |a 80-7190-901-7 
035 |a (OCoLC)85051172 
040 |a BOA001  |b cze 
072 7 |a 821-93  |x Literatura pro děti a mládež (beletrie)  |2 Konspekt  |9 26 
072 7 |a 821.162.3-3  |x Česká próza  |2 Konspekt  |9 25 
080 |a 821-93  |2 MRF 
080 |a 821.162.3-31  |2 MRF 
080 |a (0:82-31)  |2 MRF 
100 1 |a Marboe, Marcella,  |d 1946-  |7 jk01080073  |4 aut 
245 1 0 |a Glik :  |b příběh o štěstí /  |c Marcella Marboe 
250 |a Vyd. 1. 
260 |a Praha :  |b Erika,  |c 2002 
300 |a 109 s. ;  |c 21 cm 
490 1 |a Dívky v sedle 
655 7 |a české romány  |7 fd133974  |2 czenas 
655 7 |a publikace pro mládež  |7 fd133157  |2 czenas 
830 0 |a Dívky v sedle  |0 s 
856 4 1 |u http://www.digitalniknihovna.cz/mzk/uuid/uuid:62bb4840-2045-11e3-a5bb-005056827e52  |y Digitalizovaný dokument  |x NDK 
910 |a BOA001  |b 2-1107.788 
990 |a BK 
996 6 |b 2610172550  |c 2-1107.788  |l MZK  |r Sklad / do 1 hodiny  |n 0  |p p.v.  |w 000631801  |u 000010  |a 1  |e BOA001  |j MZK50  |s P